Why Islam is our only choice (Record no. 73246)

MARC details
000 -LEADER
fixed length control field 00622nam a2200229 i 4500
001 - CONTROL NUMBER
control field C2-0262990
003 - CONTROL NUMBER IDENTIFIER
control field PPAK
005 - DATE AND TIME OF LATEST TRANSACTION
control field 20180727231905.0
008 - FIXED-LENGTH DATA ELEMENTS--GENERAL INFORMATION
fixed length control field 050308s1996 su |||| ||||| | eng d
040 ## - CATALOGING SOURCE
Original cataloging agency PPAK
Language of cataloging eng
Transcribing agency PPAK
Description conventions rda
082 04 - DEWEY DECIMAL CLASSIFICATION NUMBER
Classification number 297
Edition number 23
090 00 - LOCALLY ASSIGNED LC-TYPE CALL NUMBER (OCLC); LOCAL CALL NUMBER (RLIN)
Classification number (OCLC) (R) ; Classification number, CALL (RLIN) (NR) 297
Feature heading SHA
Feature heading G
100 1# - MAIN ENTRY--PERSONAL NAME
Personal name Shahid, Muhammad Haneef,
Relator term author
245 10 - TITLE STATEMENT
Title Why Islam is our only choice
264 #1 - PRODUCTION, PUBLICATION, DISTRIBUTION, MANUFACTURE, AND COPYRIGHT NOTICE
Place of production, publication, distribution, manufacture Riyadh-Saudi Arabia :
Name of producer, publisher, distributor, manufacturer Dar-us-Salam Publications ,
Date of production, publication, distribution, manufacture, or copyright notice 1996
300 ## - PHYSICAL DESCRIPTION
Extent 328 pages ;
Dimensions 22 cm
336 ## - CONTENT TYPE
Source rdacontent
Content type term text
337 ## - MEDIA TYPE
Source rdamedia
Media type term unmediated
338 ## - CARRIER TYPE
Source rdacarrier
Carrier type term volume
650 10 - SUBJECT ADDED ENTRY--TOPICAL TERM
Topical term or geographic name entry element Islam.
942 ## - ADDED ENTRY ELEMENTS (KOHA)
-- dc
Koha item type Book
Holdings
Withdrawn Not for loan Current library Shelving location Date acquired Full call number Barcode Date last seen Koha item type Total Checkouts Checked out Date last checked out
    Perpustakaan Alor Setar Pinjaman Dewasa 11/08/2005 297 SHA A01093963 05/08/2023 Book 1 26/08/2023 05/08/2023
    Perpustakaan Awam Sungai Petani Pinjaman Dewasa 11/08/2005 297 SHA A01093964 09/05/2018 Book      
    Perpustakaan Baling Pinjaman Dewasa 11/08/2005 297 SHA A01093966 09/05/2018 Book